[Event "Hannover Ihme Cup"]
[Site "Hannover"]
[Date "2016.05.22"]
[Round "4"]
[White "Schmidt Klie, Lasse"]
[Black "Schubert, Matthias"]
[Result "0-1"]
[WhiteElo "1700"]
[BlackElo "1909"]
[PlyCount "86"]
[EventDate "2016.05.20"]
[EventType "swiss"]
[EventRounds "5"]
[EventCountry "GER"]
[SourceTitle "CBM 189 Extra"]
[Source "ChessBase"]
[SourceDate "2019.06.03"]
[SourceVersion "1"]
[SourceVersionDate "2019.06.03"]
[SourceQuality "1"]

1. e4 d5 2. exd5 Qxd5 3. Nc3 Qa5 4. d4 Nf6 5. Bd3 Bg4 6. f3 Bh5 7. Nge2 e6 8. Bd2 Bb4 9. a3 Bxc3 10. bxc3 Bg6 11. Nc1 Nbd7 12. a4 Qh5 13. Rb1 b6 14. Na2 Bxd3 15. cxd3 Qh4+ 16. g3 Qh3 17. Qe2 0-0 18. Nb4 c5 19. Nc6 cxd4 20. cxd4 Nd5 21. Ne5 Nxe5 22. dxe5 Rac8 23. Rb2 Rc6 24. Qf1 Qf5 25. Qe2 Nc3 26. Bxc3 Rxc3 27. g4 Qf4 28. Kf2 Rd8 29. Rd2 Qxa4 30. Rhd1 a5 31. d4 Qc6 32. Qe4 Rd5 33. f4 b5 34. f5 b4 35. fxe6 fxe6 36. h4 b3 37. Re1 a4 38. g5 a3 39. g6 h6 40. Qf4 Qe8 41. h5 Qf8 42. Qxf8+ Kxf8 43. Ra1 b2 0-1

[Event "Hannover Ihme Cup"]
[Site "Hannover"]
[Date "2016.05.21"]
[Round "2"]
[White "Plischki, Sebastian"]
[Black "Schubert, Matthias"]
[Result "1-0"]
[WhiteElo "2381"]
[BlackElo "1909"]
[PlyCount "71"]
[EventDate "2016.05.20"]
[EventType "swiss"]
[EventRounds "5"]
[EventCountry "GER"]
[SourceTitle "CBM 189 Extra"]
[Source "ChessBase"]
[SourceDate "2019.06.03"]
[SourceVersion "1"]
[SourceVersionDate "2019.06.03"]
[SourceQuality "1"]

1. d4 Nf6 2. c4 g6 3. Nf3 Bg7 4. e3 0-0 5. Be2 d5 6. cxd5 Nxd5 7. 0-0 Nc6 8. e4 Nb6 9. Be3 Bg4 10. Nbd2 f5 11. h3 Bxf3 12. Nxf3 f4 13. Qb3+ Kh8 14. d5 Na5 15. Qb4 fxe3 16. Qxa5 exf2+ 17. Rxf2 Bxb2 18. Rd1 Qd6 19. Qd2 Bg7 20. Rdf1 Nd7 21. Ng5 Ne5 22. Ne6 Rf6 23. Rxf6 exf6 24. Qc2 c6 25. Rd1 cxd5 26. exd5 f5 27. Qc7 Qxc7 28. Nxc7 Rd8 29. Ne6 Rd6 30. Rb1 b6 31. Rc1 h6 32. Rc8+ Kh7 33. Rc7 Rd7 34. d6 Rf7 35. Bb5 Bf6 36. Be8 1-0

[Event "Hannover Ihme Cup"]
[Site "Hannover"]
[Date "2014.05.10"]
[Round "3"]
[White "Reichelt, Ole"]
[Black "Schubert, Matthias"]
[Result "1/2-1/2"]
[WhiteElo "1707"]
[BlackElo "1976"]
[PlyCount "77"]
[EventDate "2014.05.09"]
[EventType "swiss"]
[EventRounds "5"]
[EventCountry "GER"]
[SourceTitle "EXT 2021"]
[Source "ChessBase"]
[SourceDate "2020.10.23"]
[SourceVersion "1"]
[SourceVersionDate "2020.10.23"]
[SourceQuality "1"]

1. d4 Nf6 2. Nf3 g6 3. Bg5 Bg7 4. Nbd2 d5 5. e3 0-0 6. Be2 Nbd7 7. 0-0 c6 8. c4 h6 9. Bh4 Qe8 10. cxd5 Nxd5 11. Qb3 e5 12. Bc4 N5b6 13. Bd3 exd4 14. exd4 Nf6 15. Rfe1 Be6 16. Bc4 Nxc4 17. Nxc4 Qd7 18. Nce5 Qc7 19. Qc2 Bf5 20. Qc5 Qb6 21. Nc4 Qxc5 22. dxc5 g5 23. Bg3 Ne4 24. Bd6 Rfd8 25. Rad1 Bg6 26. Nfe5 Bxe5 27. Nxe5 Nxd6 28. Rxd6 Rxd6 29. cxd6 Bf5 30. Kf1 Rd8 31. Rd1 Be6 32. b3 Bd5 33. Nc4 b5 34. Na5 Rxd6 35. Rc1 Re6 36. Nb7 Kf8 37. Nc5 Re7 38. Na6 Ke8 39. Nb4 1/2-1/2

[Event "Niedersachsen-ch op-A"]
[Site "Verden"]
[Date "2014.01.03"]
[Round "3"]
[White "Boehme, Andre"]
[Black "Schubert, Matthias"]
[Result "1-0"]
[WhiteElo "1949"]
[BlackElo "2006"]
[PlyCount "39"]
[EventDate "2014.01.02"]
[EventType "swiss"]
[EventRounds "7"]
[EventCountry "GER"]
[SourceTitle "EXT 2016"]
[Source "ChessBase"]
[SourceDate "2015.10.08"]
[SourceVersion "1"]
[SourceVersionDate "2015.10.08"]
[SourceQuality "1"]

1. e4 e6 2. d4 d5 3. e5 c5 4. c3 Nc6 5. Nf3 Bd7 6. Bd3 cxd4 7. cxd4 Qb6 8. Nc3 Nxd4 9. Nxd4 Qxd4 10. 0-0 a6 11. Qe2 Ne7 12. Kh1 Nc6 13. f4 Qb6 14. f5 0-0-0 15. fxe6 fxe6 16. Bg5 Re8 17. Rf7 Qd4 18. Bxa6 Be7 19. Nb5 Qxe5 20. Na7+ 1-0

[Event "Niedersachsen-ch op-A"]
[Site "Verden"]
[Date "2013.01.06"]
[Round "7"]
[White "Lange, Torsten"]
[Black "Schubert, Matthias"]
[Result "1-0"]
[WhiteElo "2009"]
[BlackElo "1968"]
[PlyCount "99"]
[EventDate "2013.01.03"]
[EventType "swiss"]
[EventRounds "7"]
[EventCountry "GER"]
[SourceTitle "EXT 2014"]
[Source "ChessBase"]
[SourceDate "2013.11.20"]
[SourceVersion "1"]
[SourceVersionDate "2013.11.20"]
[SourceQuality "1"]

1. c4 Nf6 2. Nc3 d5 3. cxd5 Nxd5 4. Nf3 g6 5. e4 Nxc3 6. dxc3 Qxd1+ 7. Kxd1 Bg7 8. Bf4 c6 9. Bc4 Bg4 10. Ke2 Nd7 11. Rhd1 e5 12. Be3 Ke7 13. Rd2 Rhd8 14. Rad1 f6 15. Rd6 Nb6 16. Bc5 Rxd6 17. Bxd6+ Ke8 18. Bg8 Rd8 19. Rd3 Nc8 20. Bb8 Rxd3 21. Kxd3 Bf8 22. Bxh7 Kf7 23. Nh4 Bh5 24. g4 Kg7 25. gxh5 Kxh7 26. hxg6+ Kh6 27. f4 exf4 28. Bxf4+ Kh5 29. Bg3 Ne7 30. Kd4 Nxg6 31. Nxg6 Kxg6 32. Bb8 a6 33. Bc7 Kf7 34. e5 Ke6 35. exf6 Kxf6 36. Bb6 Kf5 37. Bc5 Bg7+ 38. Kc4 Be5 39. h3 Bg3 40. Be3 Ke4 41. Bc5 Bh4 42. Bd6 Bf2 43. Be7 b5+ 44. Kb4 Bb6 45. h4 a5+ 46. Kb3 c5 47. c4 a4+ 48. Ka3 b4+ 49. Kxa4 Kd4 50. Kb5 1-0

[Event "Niedersachsen-ch op-A"]
[Site "Verden"]
[Date "2013.01.05"]
[Round "5"]
[White "Hachtmann, Christian"]
[Black "Schubert, Matthias"]
[Result "1-0"]
[WhiteElo "1994"]
[BlackElo "1968"]
[PlyCount "75"]
[EventDate "2013.01.03"]
[EventType "swiss"]
[EventRounds "7"]
[EventCountry "GER"]
[SourceTitle "EXT 2014"]
[Source "ChessBase"]
[SourceDate "2013.11.20"]
[SourceVersion "1"]
[SourceVersionDate "2013.11.20"]
[SourceQuality "1"]

1. e4 d5 2. exd5 Qxd5 3. Nf3 Bg4 4. Be2 Nc6 5. Nc3 Qd7 6. d4 0-0-0 7. Be3 Bxf3 8. Bxf3 Nxd4 9. Bxd4 Qxd4 10. Qe2 Qb6 11. 0-0 e6 12. a4 Nf6 13. a5 Qc5 14. a6 b6 15. Na4 Qg5 16. Qc4 Rd6 17. Nc3 c5 18. b4 Be7 19. bxc5 Qxc5 20. Qxc5+ bxc5 21. Nb5 Rd7 22. Bc6 Rc7 23. Nxc7 Kxc7 24. Bf3 Nd7 25. Rab1 Nb6 26. Rfd1 e5 27. Rb5 f5 28. Bb7 Rf8 29. Rdb1 Rf6 30. Kf1 g5 31. Ke2 g4 32. f3 h5 33. fxg4 hxg4 34. Ke3 Rh6 35. Kf2 Rxh2 36. Rxb6 axb6 37. Bd5 b5 38. a7 1-0

[Event "Niedersachsen-ch op-A"]
[Site "Verden"]
[Date "2013.01.05"]
[Round "6"]
[White "Schubert, Matthias"]
[Black "Rux, Roland"]
[Result "1-0"]
[WhiteElo "1968"]
[BlackElo "1876"]
[PlyCount "170"]
[EventDate "2013.01.03"]
[EventType "swiss"]
[EventRounds "7"]
[EventCountry "GER"]
[SourceTitle "EXT 2014"]
[Source "ChessBase"]
[SourceDate "2013.11.20"]
[SourceVersion "1"]
[SourceVersionDate "2013.11.20"]
[SourceQuality "1"]

1. e4 d5 2. exd5 Qxd5 3. Nc3 Qd6 4. d4 a6 5. Nf3 e6 6. g3 Nf6 7. Bf4 Qd8 8. Bg2 Be7 9. 0-0 0-0 10. Ne5 c6 11. a4 Nd5 12. Nxd5 exd5 13. Re1 Be6 14. Qd3 Nd7 15. Nxd7 Qxd7 16. c3 b5 17. b4 bxa4 18. Qd1 Ra7 19. Qxa4 Bd6 20. Bxd6 Qxd6 21. Qa5 Rb8 22. Bf1 Qd7 23. Qc5 Rba8 24. Ra5 g6 25. Rea1 Qb7 26. Qd6 Qb6 27. h4 h5 28. Qe5 Qb7 29. Bd3 Bc8 30. Qf6 Qe7 31. Qxe7 Rxe7 32. Bxa6 Bxa6 33. Rxa6 Rxa6 34. Rxa6 Rc7 35. Kf1 Kf8 36. Ke2 Ke7 37. Kd3 f6 38. c4 Rc8 39. Ra7+ Ke6 40. cxd5+ cxd5 41. b5 Rc4 42. Ra6+ Ke7 43. b6 Rb4 44. Ra7+ Ke6 45. Rg7 Rxb6 46. Rxg6 Kf7 47. Rh6 Rb3+ 48. Ke2 Rb2+ 49. Ke3 Rb3+ 50. Kf4 Rd3 51. Rxh5 Rxd4+ 52. Kf5 Rd3 53. Rh7+ Kg8 54. Rd7 Rf3+ 55. Kg6 Kf8 56. Rxd5 Rxf2 57. Rf5 Rg2 58. Rxf6+ Kg8 59. Rf3 Ra2 60. g4 Ra6+ 61. Rf6 Ra4 62. Kg5 Kg7 63. Rg6+ Kh7 64. h5 Ra5+ 65. Kh4 Ra4 66. Rc6 Rb4 67. Rc5 Kh6 68. Rc6+ Kh7 69. Kg5 Ra4 70. Rc7+ Kh8 71. h6 Ra5+ 72. Kg6 Ra6+ 73. Kh5 Rb6 74. g5 Rb5 75. Re7 Kg8 76. Kg6 Rb6+ 77. Kf5 Rb5+ 78. Re5 Rb6 79. g6 Rb8 80. Re7 Rb5+ 81. Kf6 Rb6+ 82. Re6 Rb8 83. Rd6 Ra8 84. Ke7 Re8+ 85. Kxe8 Kh8 1-0

[Event "Niedersachsen-ch op-B"]
[Site "Verden"]
[Date "2012.01.05"]
[Round "7"]
[White "Kuberczyk, Christoph"]
[Black "Schubert, Matthias"]
[Result "1-0"]
[WhiteElo "2038"]
[BlackElo "1964"]
[PlyCount "51"]
[EventDate "2012.01.02"]
[EventType "swiss"]
[EventRounds "7"]
[EventCountry "GER"]
[SourceTitle "EXT 2021"]
[Source "ChessBase"]
[SourceDate "2020.10.23"]
[SourceVersion "1"]
[SourceVersionDate "2020.10.23"]
[SourceQuality "1"]

1. d4 Nf6 2. c4 g6 3. Nc3 Bg7 4. e4 d6 5. Be2 0-0 6. Bg5 Nbd7 7. f4 e5 8. dxe5 dxe5 9. Nf3 Qe8 10. Nb5 exf4 11. Nxc7 Qxe4 12. Nxa8 Ng4 13. Qd3 Qxd3 14. Bxd3 Nc5 15. Be2 Ne3 16. Be7 Ne4 17. Bxf8 Bxf8 18. Bd3 Nxg2+ 19. Ke2 f5 20. Nc7 g5 21. Rhg1 Ne3 22. Nxg5 Nxg5 23. Rxg5+ Kf7 24. Nd5 Bh6 25. Nxe3 fxe3 26. Bxf5 1-0

[Event "Niedersachsen-ch op-B"]
[Site "Verden"]
[Date "2012.01.04"]
[Round "6"]
[White "Schubert, Matthias"]
[Black "Stotyn, Fabian"]
[Result "0-1"]
[WhiteElo "1964"]
[BlackElo "2086"]
[PlyCount "88"]
[EventDate "2012.01.02"]
[EventType "swiss"]
[EventRounds "7"]
[EventCountry "GER"]
[SourceTitle "EXT 2021"]
[Source "ChessBase"]
[SourceDate "2020.10.23"]
[SourceVersion "1"]
[SourceVersionDate "2020.10.23"]
[SourceQuality "1"]

1. e4 e6 2. d4 d5 3. e5 c5 4. c3 Qb6 5. Nf3 Bd7 6. a3 a5 7. Bd3 Nc6 8. 0-0 cxd4 9. cxd4 Nxd4 10. Nxd4 Qxd4 11. Nc3 Qb6 12. Na4 Qc6 13. Nc3 Bc5 14. Qg4 Kf8 15. Bd2 f5 16. exf6 Nxf6 17. Qh4 Qb6 18. Bg5 Be7 19. b4 axb4 20. axb4 Rc8 21. Na4 Bxa4 22. Rxa4 Kf7 23. b5 e5 24. Rd1 g6 25. Qg3 Qe6 26. Be2 h5 27. Bxf6 Bxf6 28. Qb3 Rhd8 29. Ra7 Rd7 30. Qb1 e4 31. Rc1 Rxc1+ 32. Qxc1 Bd4 33. Ra2 Qb6 34. Qh6 Qf6 35. Bd1 Ke6 36. g4 Rf7 37. gxh5 Bxf2+ 38. Kh1 Bd4 39. Bg4+ Ke5 40. Qc1 gxh5 41. Ra8 Qf1+ 42. Qxf1 Rxf1+ 43. Kg2 Rg1+ 44. Kh3 hxg4+ 0-1

[Event "Braunschweig Oker Cup"]
[Site "Braunschweig"]
[Date "2011.12.02"]
[Round "1"]
[White "Mumm, Karen"]
[Black "Schubert, Matthias"]
[Result "0-1"]
[WhiteElo "1237"]
[BlackElo "1943"]
[PlyCount "52"]
[EventDate "2011.12.02"]
[EventType "swiss"]
[EventRounds "5"]
[EventCountry "GER"]
[SourceTitle "EXT 2013"]
[Source "ChessBase"]
[SourceDate "2012.11.22"]
[SourceVersion "1"]
[SourceVersionDate "2012.11.22"]
[SourceQuality "1"]

1. e4 d5 2. exd5 Qxd5 3. Nc3 Qa5 4. d4 Nf6 5. Nf3 Bg4 6. Bd2 e6 7. a3 c6 8. b4 Bxf3 9. Qxf3 Bxb4 10. Ne4 Bxd2+ 11. Nxd2 Nbd7 12. Be2 0-0 13. 0-0 Qxd2 14. c3 e5 15. Rfd1 Qf4 16. Qxf4 exf4 17. Bf3 Rfe8 18. Rab1 Nb6 19. c4 Re7 20. Rbc1 Rae8 21. Kf1 g5 22. h3 h5 23. g3 g4 24. hxg4 hxg4 25. gxf4 gxf3 26. Rd3 Nxc4 0-1

[Event "Niedersachsen-ch op"]
[Site "Verden"]
[Date "2009.01.06"]
[Round "7"]
[White "Tenninger, Marc"]
[Black "Schubert, Matthias"]
[Result "1/2-1/2"]
[WhiteElo "1761"]
[BlackElo "1917"]
[PlyCount "48"]
[EventDate "2009.01.03"]
[EventType "swiss"]
[EventRounds "7"]
[EventCountry "GER"]
[SourceTitle "EXT 2012"]
[Source "ChessBase"]
[SourceDate "2011.11.24"]
[SourceVersion "1"]
[SourceVersionDate "2011.11.24"]
[SourceQuality "1"]

1. d4 f5 2. Nf3 Nf6 3. Bg5 g6 4. Bxf6 exf6 5. e3 d5 6. Nbd2 Be6 7. c4 Nc6 8. a3 Qd7 9. cxd5 Bxd5 10. Bc4 0-0-0 11. Qc2 h5 12. 0-0-0 Bh6 13. Bxd5 Qxd5 14. g3 Rhe8 15. Qc4 Re6 16. Qxd5 Rxd5 17. Nb3 b6 18. h4 Kb7 19. Kb1 Ne7 20. Nc1 a5 21. Ne2 Rc6 22. Rc1 Rxc1+ 23. Rxc1 Rd6 24. Nc3 Nd5 1/2-1/2

[Event "Niedersachsen-ch op"]
[Site "Verden"]
[Date "2009.01.03"]
[Round "2"]
[White "Schubert, Matthias"]
[Black "Kramer, Norbert"]
[Result "1-0"]
[WhiteElo "1917"]
[BlackElo "1767"]
[PlyCount "81"]
[EventDate "2009.01.03"]
[EventType "swiss"]
[EventRounds "7"]
[EventCountry "GER"]
[SourceTitle "EXT 2012"]
[Source "ChessBase"]
[SourceDate "2011.11.24"]
[SourceVersion "1"]
[SourceVersionDate "2011.11.24"]
[SourceQuality "1"]

1. e4 d5 2. exd5 Qxd5 3. Nc3 Qa5 4. d4 Bf5 5. Bc4 e6 6. Bd2 c6 7. Qf3 Nf6 8. d5 Bb4 9. dxe6 Bxc2 10. exf7+ Kf8 11. Nge2 Bg6 12. 0-0 Bxf7 13. Bxf7 Kxf7 14. a3 Bxc3 15. Bxc3 Qd5 16. Qg3 Rd8 17. Qh4 Nbd7 18. Rad1 Qe4 19. Nf4 Qf5 20. Nh3 Nd5 21. Qc4 Re8 22. Rd4 Re6 23. Nf4 Ne5 24. Rxd5 cxd5 25. Qxd5 Qxf4 26. Qxb7+ Kg6 27. Qxa8 Ng4 28. g3 Qh6 29. h4 Qh5 30. Qxa7 Nf6 31. Bxf6 Kxf6 32. Qd4+ Kg6 33. b4 Qf3 34. a4 Re4 35. Qd6+ Kh5 36. a5 Rg4 37. b5 Qe4 38. b6 g5 39. hxg5 Rxg5 40. a6 Qf3 41. Qd1 1-0

[Event "Niedersachsen-ch"]
[Site "Verden"]
[Date "2008.01.05"]
[Round "5"]
[White "Hilker, Bjoern"]
[Black "Schubert, Matthias"]
[Result "1/2-1/2"]
[WhiteElo "1944"]
[BlackElo "1888"]
[PlyCount "25"]
[EventDate "2008.01.03"]
[EventType "swiss"]
[EventRounds "7"]
[EventCountry "GER"]
[SourceTitle "EXT 2010"]
[Source "ChessBase"]
[SourceDate "2010.11.25"]
[SourceVersion "1"]
[SourceVersionDate "2010.11.25"]
[SourceQuality "1"]

1. d4 f5 2. Qd3 d5 3. Nc3 Nf6 4. Bf4 c6 5. Nf3 e6 6. Ne5 Nbd7 7. e3 Bb4 8. a3 Qa5 9. f3 0-0 10. Be2 Be7 11. 0-0 Nxe5 12. Bxe5 Qd8 13. Rae1 1/2-1/2

[Event "Niedersachsen-ch"]
[Site "Verden"]
[Date "2008.01.05"]
[Round "6"]
[White "Niehaus, Stephan"]
[Black "Schubert, Matthias"]
[Result "1-0"]
[WhiteElo "2111"]
[BlackElo "1888"]
[PlyCount "61"]
[EventDate "2008.01.03"]
[EventType "swiss"]
[EventRounds "7"]
[EventCountry "GER"]
[SourceTitle "EXT 2010"]
[Source "ChessBase"]
[SourceDate "2010.11.25"]
[SourceVersion "1"]
[SourceVersionDate "2010.11.25"]
[SourceQuality "1"]

1. d4 f5 2. Bf4 Nf6 3. e3 d6 4. h3 g6 5. Nf3 Bg7 6. Be2 0-0 7. 0-0 Ne4 8. Nbd2 Nc6 9. Bh2 Nxd2 10. Qxd2 e5 11. dxe5 dxe5 12. Bc4+ Kh8 13. Qxd8 Rxd8 14. Ng5 Rd2 15. Nf7+ Kg8 16. Nxe5+ Kf8 17. Nxc6 bxc6 18. Bd3 Rb8 19. Bxc7 Rxb2 20. Ba5 Rxd3 21. cxd3 Rb5 22. Rab1 Rxa5 23. Rb8 Ke7 24. Rxc8 Kd7 25. Rg8 Bf6 26. Rb1 Rxa2 27. Rb7+ Kd6 28. Rxh7 Be5 29. Rxg6+ Kd5 30. Rd7+ Kc5 31. d4+ 1-0

[Event "Niedersachsen-ch"]
[Site "Verden"]
[Date "2008.01.03"]
[Round "2"]
[White "Hanemann, Henno"]
[Black "Schubert, Matthias"]
[Result "1/2-1/2"]
[WhiteElo "1857"]
[BlackElo "1888"]
[PlyCount "69"]
[EventDate "2008.01.03"]
[EventType "swiss"]
[EventRounds "7"]
[EventCountry "GER"]
[SourceTitle "EXT 2010"]
[Source "ChessBase"]
[SourceDate "2010.11.25"]
[SourceVersion "1"]
[SourceVersionDate "2010.11.25"]
[SourceQuality "1"]

1. e4 c5 2. f4 Nc6 3. Nf3 g6 4. Bb5 Nd4 5. Be2 Bg7 6. c3 Nxe2 7. Qxe2 e6 8. c4 Ne7 9. Nc3 a6 10. e5 d5 11. exd6 Qxd6 12. Ne4 Qc7 13. Qf2 b6 14. Rb1 Bb7 15. d3 Rd8 16. Qe2 Qd7 17. Nf2 0-0 18. 0-0 Nc6 19. Ne5 Nxe5 20. fxe5 a5 21. Bg5 f6 22. exf6 Bxf6 23. Bh6 Rf7 24. Ne4 Bxe4 25. Qxe4 Qd4+ 26. Be3 Qxd3 27. Qxe6 Qxe3+ 28. Qxe3 Bd4 29. Qxd4 Rxd4 30. b3 Rd2 31. Rxf7 Kxf7 32. Rf1+ Kg7 33. Rf2 Rd1+ 34. Rf1 Rd2 35. Rf2 1/2-1/2

[Event "Oberliga Sued W 0405"]
[Site "Germany"]
[Date "2005.02.13"]
[Round "7.8"]
[White "Scheiblauer, Heinrich"]
[Black "Schubert, Matthias"]
[Result "1-0"]
[WhiteElo "2110"]
[BlackElo "1916"]
[PlyCount "25"]
[EventDate "2004.10.03"]
[EventType "team-tourn"]
[EventRounds "9"]
[EventCountry "GER"]
[SourceTitle "EXT 2009"]
[Source "ChessBase"]
[SourceDate "2008.11.26"]
[SourceVersion "1"]
[SourceVersionDate "2008.11.26"]
[SourceQuality "1"]
[WhiteTeam "Mutterstadt"]
[BlackTeam "Landau"]
[WhiteTeamCountry "GER"]
[BlackTeamCountry "GER"]

1. d4 d6 2. e4 Nf6 3. Nc3 g6 4. Be3 c6 5. Qd2 b5 6. Bd3 a5 7. e5 b4 8. Ne4 Nxe4 9. Bxe4 dxe5 10. dxe5 Qxd2+ 11. Bxd2 Bg7 12. Nf3 Ra7 13. a3 1-0